000 00321nam a22001217a 4500
008 160421b xxu||||| |||| 00| 0 eng d
020 _a9780323014069
020 _a0323014062
041 _aeng
080 _a618.2
245 _aClinical nursing skills techniques:
_cAnne Griffin Perry; Patrica A. Potter;
942 _2udc
_cBK
999 _c1487
_d1487